| 000 | 00648nam a2200181Ia 4500 | ||
|---|---|---|---|
| 008 | 100920s9999 xx 000 0 und d | ||
| 082 |
_b18124 _a55 थ 37 |
||
| 100 | _aगोखले शिवराम नारायण. | ||
| 245 | _aमाध्यमिक व्याकरण. | ||
| 260 |
_bढवळे केशव भिकाजी, मुंबई. _c1937 |
||
| 300 |
_a238 _bसाधी |
||
| 365 | _b0 | ||
| 520 | _aशैक्षणिक. | ||
| 630 | _aमाध्यमिक व्याकरण. | ||
| 650 | _aशैक्षणिक. | ||
| 730 | _aमाध्यमिक व्याकरण. | ||
| 942 | _cBOOK | ||
| 999 |
_c679952 _d679949 |
||